Catálogo
 En Linea

Nadie se atreve a llamarlo engaño / (Registro nro. 33373)

Detalles MARC
000 -CABECERA
campo de control de longitud fija 00595nam a2200169 a 4500
001 - NÚMERO DE CONTROL
campo de control 000033882
005 - FECHA Y HORA DE LA ÚLTIMA TRANSACCIÓN
campo de control 20200930070609.0
008 - DATOS DE LONGITUD FIJA--INFORMACIÓN GENERAL
campo de control de longitud fija 110914s1995 cl a 000 0 spa d
040 ## - FUENTE DE LA CATALOGACIÓN
Centro catalogador/agencia de origen DO-SdBNP
Lengua de catalogación spa
Centro/agencia transcriptor BNPHU
082 ## - NÚMERO DE LA CLASIFICACIÓN DECIMAL DEWEY
Número de clasificación xxxx
Número de documento/Ítem xxxx
100 1# - ENTRADA PRINCIPAL--NOMBRE DE PERSONA
Nombre de persona E. Sonmore, Clayton
9 (RLIN) 59319
245 10 - MENCIÓN DE TÍTULO
Título Nadie se atreve a llamarlo engaño /
Mención de responsabilidad, etc. Clayton E. Sonmore ; traducción Ramón Antonio Trillos Páez.
260 ## - PUBLICACIÓN, DISTRIBUCIÓN, ETC.
Lugar de publicación, distribución, etc. Colombia, :
Nombre del editor, distribuidor, etc. [s.n.],
Fecha de publicación, distribución, etc. 1995.
300 ## - DESCRIPCIÓN FÍSICA
Extensión v. :
Otras características físicas il. ;
Dimensiones 22 cm.
500 ## - NOTA GENERAL
Nota general La biblioteca posee el volumen 3
504 ## - NOTA DE BIBLIOGRAFÍA, ETC.
Nota de bibliografía, etc. Incluye referencias bibliográficas y notas al pie de las páginas
Existencias
Estado de retiro Estado de pérdida Restricciones de uso No para préstamo Código de colección Localización permanente Ubicación/localización actual Ubicación en estantería Fecha de adquisición Número de inventario Total de préstamos Signatura topográfica completa Código de barras Fecha visto por última vez Precio válido a partir de Tipo de ítem Koha
      Excluido de préstamo Monografías: Libros y Folletos General General Depósito 14.09.2011 LF1   xxxx xxxx 33882-10 25.06.2020 25.06.2020 No se presta

Con tecnología Koha